000 00371nam a2200169Ia 4500
100 _aRajagopalan/R
650 _aEnvironment
942 _cBK
366 _f20
654 _aenvironment
245 _aEnvironmental studies:From crisis to cure
260 _bOxford Higher Education
_c2005
082 _a628
_bRAJ
300 _a376
546 _aENGLISH
999 _c19795
_d19795